000 00639nam a22002417a 4500
003 UA-OsUOA
001 126166
007 ta
008 20171010b un ||||| |||| 00| 0 ukr d
100 _aІльницький М.
090 _a82.09(477)
_bІ-99
942 _cBK
040 _aUA-OsUOA
_bukr
_cUA-OsUOA
_dUA-OsUOA
245 _aЗнаки доби і грані таланту
300 _a432 с.
955 _a2
041 _aukr
080 _a82.09(477)
020 _a978-617-7023-17-2
260 _aК.
_bКЛІО
_c2014
650 7 _a82 Література. Літературознавство
_2UDC
999 _c413391
_d413391